00255nam a2200109Ia 4500008004100000100001500041245002400056260002700080260000900107546001200116999001700128170619s9999 xx 000 0 und d aGupta- S P 0aBusiness statistics bNew Delhi Sultan Chand c2006 aENGLISH c22128d22128